| 000 | 00358 a2200109 4500 | ||
|---|---|---|---|
| 001 | ART_51159 | ||
| 005 | 20260410161758.0 | ||
| 008 | 260409a | ||
| 245 | 1 | 0 | _aLos tributos municipales indirectos. Inconstitucionalidad. Potestad tributaria |
| 100 | 1 | _aSequeira, Marcos A. | |
| 773 | 0 |
_tDoctrina tributaria _g- N° 487 (oct. 2020) _wREV4296 |
|
| 999 |
_c20324 _d20324 |
||